Movies Quiz

Random Movies or Clickable Quiz

Film-Bashing Actors Quiz Stats

Quiz Updated Nov 11, 2014

Challenge
Share
Tweet
Embed
Score 0/17 Timer 08:00
2 Plays Today
% Correct
Alec Guinness (Star Wars Episode IV: A New Hope)
84.2%
Shia LaBeouf (Transformers: Revenge of the Fallen)
79.2%
Katherine Heigl (Knocked Up)
73.3%
George Clooney (Batman & Robin)
63.2%
Jim Carrey (Kick-Ass 2)
59.1%
Mark Wahlberg (The Happening)
57.9%
Bill Murray (Garfield)
57.9%
Richard Gere (Pretty Woman)
52.8%
Kate Winslet (Titanic)
49.3%
% Correct
Marlon Brando (The Freshman)
46.7%
Jamie Lee Curtis (Virus)
42.7%
James Franco (Tristan & Isolde)
42.1%
Christopher Plummer (The Sound of Music)
31.2%
Woody Allen (Manhattan)
24.8%
Charlize Theron (Reindeer Games)
21.3%
Arnold Schwarzenegger (Red Sonja)
19%
Brad Pitt (The Devil's Own)
17.2%

You're not logged in!

Compare scores with friends on all Sporcle quizzes.
Sign Up with Email
OR
Log In

You Might Also Like...

Show Comments

Extras

Top Quizzes Today


Score Distribution

Your Account Isn't Verified!

In order to create a playlist on Sporcle, you need to verify the email address you used during registration. Go to your Sporcle Settings to finish the process.